000 00409nam a22001937a 4500
003 UA-OsUOA
001 4652
007 ta
008 20050721b un ||||| |||| 00| 0 ukr d
100 _aBrien
700 _aA.
700 _aBrien
700 _aS.
942 _cBK
040 _aUA-OsUOA
_cUA-OsUOA
_dUA-OsUOA
245 _aSchauplatz. Teacher's Resource Book.
_bGerman
955 _a2
650 7 _2UDC
999 _c290814
_d290814